Konzervatívni sporitelia si na svoje prídu aj v poisťovni
Poisťovne ponúkajú zaujímavejšie zhodnotenie prostriedkov ako banky, treba sa však pripraviť na dlhodobý investičný horizont. Produkty bánk a produkty poisťovní. Spolupráca niektorých bánk s poisťovňami. Záujem o životné poistky - daňové zvýhodnenie. Investičné životné poistenie - poistenie spojené...
Gespeichert in:
| 1. Verfasser: | |
|---|---|
| Format: | Buchkapitel |
| Sprache: | Slowakisch |
| Schlagworte: | |
| Tags: |
Keine Tags, Fügen Sie das erste Tag hinzu!
|
MARC
| LEADER | 00000naa$a2200000$$$4500 | ||
|---|---|---|---|
| 001 | 0026308 | ||
| 005 | 20231009081035.1 | ||
| 041 | 0 | |a slo | |
| 044 | |a SK | ||
| 245 | 1 | 0 | |a Konzervatívni sporitelia si na svoje prídu aj v poisťovni |c Ján Záborský |
| 520 | |a Poisťovne ponúkajú zaujímavejšie zhodnotenie prostriedkov ako banky, treba sa však pripraviť na dlhodobý investičný horizont. Produkty bánk a produkty poisťovní. Spolupráca niektorých bánk s poisťovňami. Záujem o životné poistky - daňové zvýhodnenie. Investičné životné poistenie - poistenie spojené s investovaním. | ||
| 610 | 2 | 0 | |a sporenie obyvateľstva |
| 610 | 2 | 0 | |a sporiteľne |
| 610 | 2 | 0 | |a banky |
| 610 | 2 | 0 | |a produkty |
| 610 | 2 | 0 | |a poistenie životné |
| 610 | 2 | 0 | |a poistenie životné investičné |
| 610 | 2 | 0 | |a zvýhodnenie daňové |
| 100 | 1 | |a Záborský, Ján | |